01098nam a2200313Ia 4500001000700000003000500007008004100012010001100053020001800064040000900082082001600091100003500107245018600142260004600328300001100374503001200385504003400397650005000431650006200481650003000543700005000573901001600623902000600639910000900645942000600654942000700660999001900667952009800686Z_6194CHAP220113s1999 xx 000 0 und d a169435 a968-7541-04-0 cCHAP a636.085 M37 aMartín, Pedro Carlos9144090 aManual para fincas y ranchos ganaderos: indicadores útiles para su manejo. Tablas tropicales de composición de alimentos /cPedro Carlos Martín, José Manuel Palma García aMéxico :bUniversidad de Colima,c1999 a120 p. aej.1: ? aBibliografía : p. 119 - 120 aAlimentos y alimentación del ganado\ 94326 aGanaderíaxTrópicosfincas y ranchos ganaderos9144091 aNutrición animal982275 aPalma García, José Manuel, coaut.9144092 a636.085 M37 aM a1999 c1 cc1 c169435d169435 00102ddc40708GRALaZbZc1d2012-06-22pz_4469r2022-01-18 00:00:00t1w2022-01-18yLIBRO